Evolutionary biology / (Record no. 25331)

MARC details
000 -LEADER
fixed length control field 00979nam a22002897a 4500
005 - DATE AND TIME OF LATEST TRANSACTION
control field 20090424093840.0
008 - FIXED-LENGTH DATA ELEMENTS--GENERAL INFORMATION
fixed length control field 090318t xxu||||| |||| 00| 0 eng d
010 ## - LCCN (DPL NO)
LC control number ENG-93239
020 ## - INTERNATIONAL STANDARD BOOK NUMBER
Terms of availability 100.00
035 ## - SYSTEM CONTROL NUMBER
System control number EN-76772
037 ## - SOURCE OF ACQUISITION
Source of stock number/acquisition DBAD / PUB
040 ## - CATALOGING SOURCE
Original cataloging agency dpl
Language of cataloging English
082 ## - DEWEY DECIMAL CLASSIFICATION NUMBER
Classification number 576.8
100 ## - MAIN ENTRY--PERSONAL NAME
Personal name Malaikozhundan, B.
245 ## - TITLE STATEMENT
Title Evolutionary biology /
Statement of responsibility, etc by B. Malaikozhundan
260 ## - PUBLICATION, DISTRIBUTION, ETC. (IMPRINT)
Date of publication, distribution, etc 2008
Place of publication, distribution, etc Karaikudi
Name of publisher, distributor, etc TBS Publications
270 ## - ADDRESS
Address 21, Subramaniapuram, 9th Street, South Extn.
City Karaikudi
Postal code 630003
300 ## - PHYSICAL DESCRIPTION
Extent 169p.
Dimensions 20cm (pbk)
500 ## - GENERAL NOTE
General note Includes references
650 ## - SUBJECT ADDED ENTRY--TOPICAL TERM
Topical term or geographic name as entry element Evolution
650 ## - SUBJECT ADDED ENTRY--TOPICAL TERM
Topical term or geographic name as entry element Molecular evolution
650 ## - SUBJECT ADDED ENTRY--TOPICAL TERM
Topical term or geographic name as entry element Molecular biology
650 ## - SUBJECT ADDED ENTRY--TOPICAL TERM
Topical term or geographic name as entry element Life
General subdivision Origin
650 ## - SUBJECT ADDED ENTRY--TOPICAL TERM
Topical term or geographic name as entry element Cells
942 ## - ADDED ENTRY ELEMENTS (KOHA)
Source of classification or shelving scheme Dewey Decimal Classification
Item type English Books
Call number suffix MAL
Classification part 576.8
Holdings
Withdrawn status Lost status Source of classification or shelving scheme Damaged status Not for loan Collection code Home library Current library Date acquired Source of acquisition Cost, normal purchase price Total Checkouts Full call number Barcode Date last seen Copy number Cost, replacement price Koha item type
    Dewey Decimal Classification   Not For Loan Non-fiction D.B.Act.Division D.B.Act.Division 18/03/2009 DBAD / PUB 100.00   576.8 MAL EN-76772 18/03/2009 1 100.00 English Books

© Delhi Public Library
Hit Counter
free hit counter